[Event "VII Sunway Sitges Open 2020"]
[Site "Sitges"]
[Date "2020.12.17"]
[Round "5.15"]
[White "Csiki, Endre"]
[Black "Stefanova, Antoaneta"]
[Result "0-1"]
[WhiteElo "2231"]
[BlackElo "2466"]
[Annotator "TA"]
[PlyCount "124"]
[EventDate "2020.12.13"]
[EventType "swiss"]
[EventCountry "ESP"]
[SourceTitle "playchess.com"]
[Source "ChessBase"]
[SourceQuality "1"]

{[%evp 9,124,-2,10,12,24,5,35,28,18,22,41,18,27,0,0,-7,35,23,25,-14,0,-23,-14,-21,-18,-17,-17,-21,-15,-39,0,0,0,-40,-54,-47,-28,-45,-49,-62,0,0,0,0,0,0,0,0,0,0,0,0,0,0,0,0,0,0,0,-5,0,-5,0,-2,0,0,0,-316,-283,-6079,-21,-95,0,-129,-94,-420,-403,-403,-275,-642,-514,-860,-837,-804,-774,-2325,-2429,-1942,-731,-971,-888,-2386,-2180,-1766,-1377,-2365,-1281,-1267,-1064,-2369,-2297,-29963,-29961,-29965,-4622,-4618,-4618,-29977,-29978,-29978,-29979,-29983,-29980,-29982,-29984,-29983,-29979]} 1. e4 c6 2. Nf3 d5 3. d3 dxe4 4. dxe4 Qxd1+ 5. Kxd1 Nf6 6. Nfd2 {B10: Caro-Kann: 2 d3 and 2 c4.} h5 7. h4 g6 8. f3 {White is slightly better.} Bh6 {[#]} 9. a4 $146 ({Predecessor:} 9. Nc4 Bxc1 10. Kxc1 Be6 11. Nbd2 Nbd7 12. c3 Bxc4 13. Nxc4 Nb6 14. Na5 O-O-O 15. Kc2 {½-½ (34) Erdos,V (2618)-Antal,G (2571) Ajka 2020}) 9... a5 10. b3 O-O 11. Ba3 (11. Nc4 $5 {[%cal Rc1h6]} Rd8+ 12. Bd2 $11) 11... Re8 12. Nc4 Nfd7 13. Bb2 Bf4 14. Bd3 Nc5 15. Nb6 Nxd3 16. cxd3 Ra6 17. Nxc8 Rxc8 18. Na3 Nd7 19. d4 b5 20. axb5 cxb5 21. Nxb5 (21. Bc1 $5 {[%cal Rc1f4]} Bg3 22. Rh3 $11) 21... Rb6 22. Nc3 Rxb3 {[%mdl 64] Double Attack} 23. Kc2 $1 {[%cal Rc2b3]} Rb4 24. Rxa5 Nb6 (24... Bg3 $15) 25. Rc5 $11 Rb8 $1 26. Bc1 Bd6 27. Rb5 Rc8 {Strongly threatening ...Rxb5.} 28. Rxb4 Bxb4 29. Bd2 Bxc3 30. Bxc3 {[%mdl 4096] Endgame KRB-KRN} Na4 31. Kb3 $1 {Bb4 is the strong threat.} Rxc3+ ({Much weaker is} 31... Nxc3 $6 32. Rc1 $16) 32. Kxa4 {KR-KR} Rc4+ 33. Kb3 Rxd4 34. Kc3 Rd6 35. Kc2 Kg7 36. Rb1 Kf6 37. Rb5 {Hoping for e5+.} Ra6 38. f4 $2 {[%mdl 8192]} (38. g3 $11 {and White is okay.}) 38... Ra2+ $19 39. Rb2 $2 (39. Kd3 Rxg2 40. Ke3) 39... Ra1 $2 ({Better is} 39... Rxb2+ $19 40. Kxb2 e5) 40. g3 (40. Rb5 $11) 40... Re1 ({Black should try} 40... Rg1 $17 {And now ...Rg2+ would win.} 41. Rb6+ e6 42. e5+ Kf5) 41. Rb6+ (41. e5+ $11 Kg7 42. Rb3) 41... Kg7 42. e5 $2 {[%mdl 8192] [#] Now White is beyond hope.} (42. Rb3 $17 {is a better chance.}) 42... Re2+ $1 43. Kd3 Rg2 44. e6 $2 (44. Rb7 Rxg3+ 45. Ke2) 44... Rxg3+ 45. Kd4 (45. Ke2 $142 f5 46. Rb1) 45... f5 46. Kd5 Kf6 47. Kd4 Rf3 48. Kd5 Rh3 (48... Rxf4 $142 49. Rb8 Rxh4 50. Rf8+ Kg5) 49. Ra6 Rxh4 50. Ra8 Rxf4 51. Rf8+ Kg5 52. Rf7 Re4 53. Rxe7 h4 54. Rh7 Re3 55. Kd6 f4 56. e7 f3 57. Rh8 Kg4 58. Rh6 {[#]} Rxe7 $1 {[%mdl 512] Black mates.} 59. Kxe7 g5 60. Ke6 h3 61. Ke5 f2 62. Rf6 h2 {Weighted Error Value: White=1.11/Black=0.44} 0-1

[Event "VII Sunway Sitges Open 2020"]
[Site "Sitges"]
[Date "2020.12.17"]
[Round "5.16"]
[White "Korobov, Anton"]
[Black "Lever, Erwan"]
[Result "1-0"]
[WhiteElo "2683"]
[BlackElo "2200"]
[Annotator "TA"]
[PlyCount "79"]
[EventDate "2020.12.13"]
[EventType "swiss"]
[EventCountry "ESP"]
[SourceTitle "playchess.com"]
[Source "ChessBase"]
[SourceQuality "1"]

{[%evp 24,79,-10,-25,-18,-75,0,0,0,0,0,0,0,0,0,0,35,28,33,34,38,37,68,79,76,83,76,85,174,82,67,71,91,0,162,165,163,150,133,139,399,409,418,418,413,391,460,417,402,388,599,600,553,535,768,750,29979,1867]} 1. e4 c5 2. Nf3 e6 3. g3 Nc6 4. Bg2 Nf6 5. d3 d5 6. Nbd2 Be7 7. O-O Qc7 8. Re1 b6 9. Qe2 Bb7 10. e5 Nd7 11. Nf1 h6 12. h4 O-O-O 13. c3 Kb8 {C00: French: Unusual White 2nd moves.} 14. a3 {[#]} (14. d4 $11 {remains equal.}) 14... Rdg8 ({Black should try} 14... g5 $1 $17 {[%mdl 512]}) 15. N1h2 $1 $11 g5 {The position is equal.} 16. hxg5 $1 hxg5 17. Ng4 Rh5 18. b4 Rgh8 {[#]} 19. d4 $146 ({Predecessor:} 19. b5 Na5 20. d4 cxd4 21. cxd4 Nc4 22. Qc2 Qc8 23. a4 a5 24. bxa6 Bxa6 25. Rb1 {0-1 (36) Kresz,A (1949)-Kokeny,N (2268) Balatonlelle 2019}) 19... c4 20. a4 Qd8 21. Ba3 Qf8 22. Qa2 f5 23. exf6 $1 Nxf6 24. Nxf6 Qxf6 25. b5 Nd8 (25... Na5 $16) 26. g4 (26. Ne5 $18 {has better winning chances.} Qh6 27. Kf1 (27. Bxe7 $2 {is a self mate.} Rh1+ {[%mdl 64] Back Rank} 28. Bxh1 Qxh1#) 27... Bxa3 28. Qxa3) 26... R5h6 $16 27. Ne5 $36 {[%mdl 2048] And now Nd7+ would win. White is really pushing.} Kc7 28. a5 (28. Re3 $16) 28... Nf7 $2 (28... Bxa3 $1 $11 29. Qxa3 Nf7) 29. Bxe7 Qxe7 30. axb6+ axb6 {[#] White must now prevent ...Nxe5.} 31. Nxc4 $1 {[%mdl 512] aiming for Qa7.} dxc4 $2 {[%mdl 8192] [#] This move loses the game for Black.} (31... Nd8 $16) 32. Bxb7 $1 $18 Qd6 33. Qa7 {Strongly threatening Rxe6!} Kd8 34. Re3 Ke7 35. Bc6+ Kf8 36. Qa3 Rh4 (36... R8h7 {keeps fighting.} 37. Qxd6+ Nxd6) 37. Qxd6+ Nxd6 38. Rxe6 Rxg4+ 39. Kf1 Ne4 40. Re8+ {Accuracy: White = 81%, Black = 36%.} (40. Ra7 $142 Rh1+ 41. Ke2 Nxc3+ {[#]} 42. Kd2 $1 {[%mdl 512]} Re4 43. Rf6+ Kg8 44. Kxc3 Rh3+ 45. Kxc4) 1-0

[Event "VII Sunway Sitges Open 2020"]
[Site "Sitges"]
[Date "2020.12.17"]
[Round "5.17"]
[White "Grigoryan, Karen H."]
[Black "Martin Duque, Jesus"]
[Result "1-0"]
[WhiteElo "2659"]
[BlackElo "2422"]
[Annotator "TA"]
[PlyCount "67"]
[EventDate "2020.12.13"]
[EventType "swiss"]
[EventCountry "ESP"]
[SourceTitle "playchess.com"]
[Source "ChessBase"]
[SourceQuality "1"]

{[%evp 14,67,14,21,37,11,12,7,9,2,9,0,8,9,55,32,55,54,89,91,89,97,86,86,125,132,135,140,129,147,146,113,199,199,206,207,242,235,252,252,252,252,252,252,252,245,429,429,429,427,412,418,412,407,471,446]} 1. Nf3 Nf6 2. c4 b6 3. d4 e6 4. g3 Bb7 5. Bg2 Be7 6. O-O O-O 7. Re1 {The modern move.} Na6 8. Nc3 Ne4 {E18: Queen's Indian: Old Main Line (4 g3 Bb7 5 Bg2 Be7 6 0-0 0-0 7 Nc3).} 9. Bd2 d5 10. cxd5 exd5 {The position is equal.} 11. Bf4 c5 12. Rc1 Re8 {[#]} 13. h4 $146 ({Predecessor:} 13. a3 Bf6 14. Be5 Bxe5 15. Nxe5 cxd4 16. Qxd4 Nac5 17. Rcd1 Nxc3 18. Qxc3 Qf6 19. Ng4 Qxc3 20. bxc3 {½-½ (31) Leko,P (2723)-Wojtaszek,R (2744) Beijing 2014}) 13... cxd4 14. Nb5 $1 ({But not} 14. Qxd4 $2 Bc5 $19) 14... Bb4 15. Rf1 d3 16. exd3 Nd6 17. Nbd4 Bc5 18. a3 Qf6 19. Bg5 Qg6 20. b4 $36 {[%mdl 2048] White has strong initiative.} Bxd4 21. Nxd4 h6 22. Bf4 Nf5 (22... Qf6 $16 23. Be3 Rac8) 23. Nxf5 $18 Qxf5 24. d4 Qd7 {[#]} 25. Kh2 $1 Rac8 26. Bh3 Rxc1 27. Bxd7 Rxd1 28. Rxd1 Rd8 29. Bh3 Bc6 $2 (29... b5 {was called for.} 30. Rc1 Nb8) 30. Rc1 Bb5 {[#]} 31. Rc8 $1 {[%cal Rc8d8]} Rxc8 32. Bxc8 Bc4 {If Black can now play ...Kf8 this consolidates a bit.} 33. Bd6 f6 34. a4 {Weighted Error Value: White=0.03/Black=0.23} 1-0

[Event "VII Sunway Sitges Open 2020"]
[Site "Sitges"]
[Date "2020.12.17"]
[Round "5.18"]
[White "Svoboda, Vaclav"]
[Black "Dragnev, Valentin"]
[Result "1/2-1/2"]
[WhiteElo "2407"]
[BlackElo "2564"]
[Annotator "TA"]
[PlyCount "60"]
[EventDate "2020.12.13"]
[EventType "swiss"]
[EventCountry "ESP"]
[SourceTitle "playchess.com"]
[Source "ChessBase"]
[SourceQuality "1"]

{[%evp 13,60,17,28,26,49,8,80,0,23,29,10,18,16,18,11,32,23,18,27,26,35,37,48,50,47,51,113,67,69,55,63,61,83,0,60,0,73,2,0,0,0,0,1,0,4,0,0,0,13]} 1. d4 Nf6 2. c4 g6 3. Nc3 d5 4. Bf4 Bg7 5. e3 c5 6. dxc5 Qa5 7. Rc1 O-O 8. cxd5 {D83: Grünfeld: 4 Bf4 Bg7 5 e3 0-0.} Nbd7 9. Bc4 Nxc5 {[#]} 10. Nf3 (10. Nge2 $1 $16) 10... Qb4 11. Qe2 b5 $1 {[%cal Rb5c4]} 12. Bxb5 Nxd5 $1 {[%cal Rg7c3]} 13. Be5 Bxe5 14. Nxe5 Nxc3 15. bxc3 ({But not} 15. Rxc3 $2 Ne4 $19) 15... Qe4 {[#]} 16. f4 $146 {[%mdl 2048] aiming for Bc6. White has some pressure.} ({Inferior is} 16. Bc6 Qxe5 17. Bxa8 Ba6 $17) ({Predecessor:} 16. Nf3 Rb8 17. O-O Bb7 18. Rfd1 Qf5 19. Nd4 Qf6 20. f3 Rfc8 21. Bc4 Na4 22. Rd2 {1-0 (60) Benson,O (2010)-Ratsma,M (2137) Groningen 2014}) 16... Rb8 17. Bc6 Qf5 {With the idea ...Ba6.} 18. O-O Ba6 19. c4 Rb6 ({Black should play} 19... f6 $14 20. Bd5+ Kg7) 20. Qf3 {Hoping for Qd5.} Nd3 21. Nxd3 Qxd3 22. Be4 Qa3 {[#]} 23. Rc2 ({White should try} 23. f5 $1 $16) 23... Rc8 (23... Rb2 $11) 24. Rfc1 (24. f5 $1 $14) 24... Rc5 (24... f5 $11 {keeps the balance.} 25. Bd5+ e6) 25. Qe2 (25. f5 $16) 25... Rxc4 $11 {The position is equal.} 26. Rxc4 {Strongly threatening Qd2.} Qxc1+ $1 27. Rxc1 Bxe2 28. Kf2 Rb2 29. Rc2 Rxc2 30. Bxc2 Bb5 {Weighted Error Value: White=0.22/Black=0.17} 1/2-1/2

[Event "VII Sunway Sitges Open 2020"]
[Site "Sitges"]
[Date "2020.12.17"]
[Round "5.19"]
[White "Lin, Yingrui"]
[Black "Maze, Sebastien"]
[Result "0-1"]
[WhiteElo "2399"]
[BlackElo "2557"]
[Annotator "TA"]
[PlyCount "82"]
[EventDate "2020.12.13"]
[EventType "swiss"]
[EventCountry "ESP"]
[SourceTitle "playchess.com"]
[Source "ChessBase"]
[SourceQuality "1"]

{[%evp 21,82,45,38,50,54,58,69,30,53,-25,59,-17,-17,-17,-20,0,-19,-201,-125,-115,-138,-125,-134,-139,-135,-114,-71,-113,-87,-79,-46,-51,-56,-50,-31,-71,-83,-83,-71,-198,-204,-442,-429,-654,-647,-631,-626,-1054,-1047,-1467,-1351,-2752,-2466,-29990,-29991,-29991,-29992,-29993,-29991,-29991,-29992,-29992,-29993]} 1. d4 Nf6 2. c4 g6 3. Nc3 Bg7 4. e4 d6 5. h3 O-O 6. Be3 Na6 7. Nf3 e5 8. d5 Nc5 9. Nd2 a5 10. Be2 Bd7 $1 {[%mdl 4] is now more promising than 10...Ne8.} 11. g4 c6 12. h4 {E92: King's Indian: Classical: 6 Be2 e5: 7 dxe5, 7 Be3 and Petrosian System without 7...Nbd7.} cxd5 13. cxd5 a4 14. h5 {[#] White is slightly better.} Rc8 $146 ({Predecessor:} 14... a3 15. b3 Qa5 16. Qc2 Nxg4 17. Bxg4 Bxg4 18. Nc4 Qb4 19. Bd2 Bxh5 20. Rxh5 gxh5 {0-1 (34) Gharibyan,M (2433)-Melkumyan,H (2663) chess.com INT 2020}) 15. Rc1 (15. Rb1 $14) 15... b5 ({Black should play} 15... Bxg4 $1 $11 16. Bxc5 Bxe2 17. Kxe2 Rxc5) 16. g5 (16. h6 $14 Bh8 17. f3) 16... Nxh5 $11 17. Bxc5 ({Wrong is} 17. Bxb5 $2 Bxb5 18. Bxc5 Rxc5 $19) ({Of course not} 17. Nxb5 Nf4 $17) 17... Rxc5 18. Bxh5 b4 19. Bg4 $2 (19. Ne2 $11 {and White has nothing to worry.}) 19... bxc3 20. Rxc3 Rxc3 21. bxc3 Be8 22. Nf3 Bb5 23. c4 Bd7 24. Nd2 Be8 25. Nf3 Qc7 26. Qd3 Bd7 27. Bxd7 Qxd7 28. Qe3 Rb8 $36 {[%mdl 2048] Threatens to win with ...Rb1+. Keeping White busy.} 29. Nd2 Bf8 30. f3 (30. Qh3 $17 Qxh3 31. Rxh3) 30... Be7 $19 31. Ke2 $2 (31. Rh2 {was called for.}) 31... Rb2 32. Rg1 (32. a3 $142 Ra2 33. Rh2) 32... Qh3 33. Qf2 Rxa2 34. c5 dxc5 35. Rg3 {[#]} Qd7 $1 {( -> ...Qb5+)} 36. Qe3 Qb5+ 37. Qd3 c4 {Black mates.} 38. Qc3 {[#]} Bb4 $1 39. Qxe5 c3+ {[%mdl 64] Pin} 40. Ke3 cxd2 41. Rg1 Qb6+ {Weighted Error Value: White=0.95/Black=0.16} 0-1

[Event "VII Sunway Sitges Open 2020"]
[Site "Sitges"]
[Date "2020.12.17"]
[Round "5.20"]
[White "Romanishin, Oleg M"]
[Black "Mendonca, Leon Luke"]
[Result "1/2-1/2"]
[WhiteElo "2402"]
[BlackElo "2516"]
[Annotator "TA"]
[PlyCount "70"]
[EventDate "2020.12.13"]
[EventType "swiss"]
[EventCountry "ESP"]
[SourceTitle "playchess.com"]
[Source "ChessBase"]
[SourceQuality "1"]

{[%evp 12,70,0,0,0,0,12,0,1,6,7,-28,-33,-45,-44,-41,-20,-38,-28,-42,-37,-35,-30,-43,-49,-54,-56,-70,-77,-56,-64,-60,-37,-69,-67,-94,-31,-26,-33,-31,-31,-75,-31,-24,-27,-27,-26,-25,-25,-27,0,0,0,0,0,0,0,0,0,0,23]} 1. Nf3 Nf6 2. g3 d5 3. Bg2 c6 4. c4 dxc4 5. O-O Nbd7 6. Na3 Nb6 7. Qc2 Be6 {A11: English Opening: 1...c6.} 8. Ng5 Bg4 {8...Bg4 scores better than 8...Qd7.} 9. Nf3 Bxf3 10. Bxf3 Qd4 {[#]} 11. e3 $146 ({Predecessor:} 11. Rb1 h5 12. b3 cxb3 13. Rxb3 Qa4 14. d3 e6 15. Nc4 Nxc4 16. dxc4 b6 17. Qc3 {1-0 (45) Schubert,F (2465)-Haugen,A (2526) ICCF email 2012}) 11... Qd3 12. b3 {[%cal Rb3c4]} Qxc2 13. Nxc2 cxb3 14. axb3 e6 15. d4 Nfd5 16. e4 Nb4 17. Na3 Be7 18. Be3 O-O 19. Rfc1 Rfd8 20. Nc4 Nxc4 21. bxc4 b6 22. e5 a5 23. Be4 Rac8 (23... g6 $17) 24. c5 $1 $15 {[%cal Rc5b6]} bxc5 25. dxc5 Ra8 26. Ra4 Nd5 (26... Nd3 $5 {[%cal Rd3c1]} 27. Rb1 Nxe5 $15) 27. Bd2 Rdb8 28. Rxa5 Rxa5 29. Bxa5 Rb5 30. Bb6 g5 31. Rb1 {The position is equal.} Rxb1+ 32. Bxb1 Bf8 33. Bc2 Bg7 34. Ba4 Bxe5 35. Bxc6 Nxb6 {Weighted Error Value: White=0.08/Black=0.07} 1/2-1/2

[Event "VII Sunway Sitges Open 2020"]
[Site "Sitges"]
[Date "2020.12.17"]
[Round "5.21"]
[White "Cuenca Jimenez, Jose Fernando"]
[Black "Ootes, Lars"]
[Result "0-1"]
[WhiteElo "2528"]
[BlackElo "2373"]
[Annotator "TA"]
[PlyCount "144"]
[EventDate "2020.12.13"]
[EventType "swiss"]
[EventCountry "ESP"]
[SourceTitle "playchess.com"]
[Source "ChessBase"]
[SourceQuality "1"]

{[%evp 10,144,47,22,34,45,48,-7,-8,-7,0,0,28,-31,-26,-50,-27,-37,-46,-51,-53,-55,-53,-66,-85,-75,-60,-60,-19,-36,-17,-17,-5,-46,-36,-41,-42,-42,-31,-45,-22,-32,-32,-43,-33,-42,-43,-57,-51,-53,-56,-74,-42,-117,-135,-139,-89,-98,-93,-142,-127,-143,-121,-135,-37,-115,-97,-138,-104,-100,-105,-126,-100,-126,-120,-102,-120,-140,-108,-141,-128,-224,-216,-206,-181,-181,-133,-181,-144,-181,-95,-126,-126,-126,-126,-126,-126,-126,-93,-181,-181,-438,-438,-438,-438,-427,-422,-580,-533,-611,-610,-580,-535,-784,-785,-909,-909,-897,-893,-886,-847,-905,-918,-913,-893,-817,-769,-937,-911,-877,-885,-29980,-29981,-29981,-29982,-29986,-29987]} 1. e4 d6 2. d4 Nf6 3. Nc3 g6 4. Bg5 c6 5. Qd2 Nbd7 6. f4 Bg7 {B07: Pirc Defence: Miscellaneous Systems.} 7. e5 Nd5 {[#]} 8. Nge2 $146 ({Better is} 8. exd6 $14 f6 9. Nxd5 cxd5 10. Bh4) ({Predecessor:} 8. exd6 N7f6 9. Nxd5 Nxd5 10. dxe7 Qd6 11. c4 Nxe7 12. O-O-O O-O 13. Bxe7 Qxe7 14. Nf3 {0-1 (26) Faustino,T-Parente,A (1739) ICCF email 2011}) 8... f6 {The position is equal.} 9. exf6 exf6 {And now ...Nxc3 would win.} 10. Bh4 $1 Ne7 11. Ng1 (11. d5 $11) 11... O-O $36 {[%mdl 2048] Black has the initiative.} 12. Nf3 Nb6 13. Be2 Nf5 14. Bf2 d5 15. O-O Nd6 16. b3 Re8 17. Ne1 Bf5 18. g4 Be4 19. Nd3 Nbc8 20. Nc5 f5 21. g5 (21. Rae1 {looks sharper.} Nb6 22. a4 a5 23. h3 Qe7 24. Kh2) 21... b6 22. Nd3 Bxd3 23. cxd3 a5 24. a4 Nb7 25. Bf3 Qd6 26. Ne2 Nd8 27. Rac1 Ne6 28. Rc2 Ne7 29. Rfc1 Reb8 30. Ra2 b5 31. Rc3 (31. Qe3 $15) 31... bxa4 $17 32. Rxa4 Rb5 33. Be3 Qb8 34. Qa2 Kf7 35. Kg2 Qb6 36. h4 Rb8 (36... h5 $17 37. gxh6 Bxh6) 37. Qd2 ({White should play} 37. h5 $1 $15) 37... Rb4 38. Qa2 Rxb3 39. Rxb3 Qxb3 40. Rxa5 Qxd3 41. Ra3 Qb1 42. Qxb1 Rxb1 43. Ra4 Nc8 44. h5 Bf8 45. h6 (45. Ra6 $17 Rb6 46. Ra8) 45... Bd6 $1 $19 46. Ra6 Ne7 47. Kf2 Bc7 48. Ra8 Rb2 {aiming for ...Bxf4.} 49. Ke1 Bb6 ({Black should try} 49... Bb8 $19 50. Kd1 Rb3) 50. Kd1 Rb4 51. Kd2 {[#]} Bc7 $1 ({Much worse is} 51... Nxd4 $6 52. Nxd4 Bxd4 53. Bxd4 $11) 52. Kc3 Rb6 53. Kc2 Bb8 54. Ra4 {[#]} (54. Nc1 $17) 54... Nc8 $1 55. Ra8 $2 (55. Bg2) 55... Na7 56. Nc3 {intending Nxd5.} Nc7 57. Rxb8 Rxb8 58. Na4 Ne6 59. Nc3 Nc8 60. Be2 Rb4 61. Kd3 {Cut Off at move 61} Nd6 62. Bd1 Nc4 63. Bc1 Nb2+ 64. Bxb2 Rxb2 {[%mdl 4096] Endgame KRN-KBN} 65. Ke3 Rb4 66. Ne2 Ke7 67. Bc2 Kd6 68. Kd3 c5 69. dxc5+ Kxc5 70. Ke3 Nd4 {Black mates.} 71. Nxd4 Rxd4 72. Bxf5 gxf5 {Weighted Error Value: White=0.25/Black=0.15} 0-1

[Event "VII Sunway Sitges Open 2020"]
[Site "Sitges"]
[Date "2020.12.17"]
[Round "5.22"]
[White "Alvarez Albiol, Victor"]
[Black "Garriga Cazorla, Pere"]
[Result "0-1"]
[WhiteElo "2206"]
[BlackElo "2487"]
[Annotator "TA"]
[PlyCount "78"]
[EventDate "2020.12.13"]
[EventType "swiss"]
[EventCountry "ESP"]
[SourceTitle "playchess.com"]
[Source "ChessBase"]
[SourceQuality "1"]

{[%evp 17,78,13,13,11,15,0,19,0,0,0,0,-20,50,61,39,-44,42,37,31,33,33,35,51,-45,-58,-287,-261,-268,-275,-252,-162,-177,-187,-179,-177,-238,-141,-329,-328,-335,-340,-373,-372,-414,-436,-431,-421,-403,-406,-397,-391,-408,-311,-1061,-1060,-837,-216,-29993,-29994,-29994,-29995,-29995,-29994]} 1. e4 c5 2. Nf3 Nc6 3. Bb5 g6 4. Bxc6 bxc6 5. O-O Bg7 6. Re1 Nh6 7. c3 O-O 8. d4 cxd4 9. cxd4 d5 10. e5 {B31: Sicilian: 2...Nc6 3 Bb5 g6.} f6 11. e6 {outshines the older 11.exf6.} Nf5 12. Nc3 {The position is equal.} Qd6 13. Qe2 {[#]} g5 $146 ({Predecessor:} 13... Qb4 14. a3 Qb3 15. h4 a5 16. Bf4 Ba6 17. Qd2 h5 18. Rac1 Rfc8 19. Ne2 a4 {1-0 (34) Saric,I (2677)-Saric,A (2541) Pozega 2018}) 14. g4 Nh4 (14... Nh6 $1 $11) 15. Nxh4 $14 gxh4 16. Kh1 (16. Na4 $1 $14) 16... f5 ({Black should play} 16... c5 $15) 17. Bg5 {Threatens to win with gxf5.} f4 18. Rad1 Rb8 $1 {[%cal Ba8b8,Bb8b2,Bb2e2][%mdl 32]} 19. a3 f3 20. Qe3 ({White should try} 20. Qd2 $1 $14) 20... Rxb2 $15 21. Na4 $2 {[#]} (21. Bxh4 $15 Rb3 22. Bg3 Qxe6 23. Qxe6+ Bxe6 24. Rxe6 Rxc3 25. Rxe7) 21... Re2 $1 $19 {[%cal Re2e3][%mdl 512]} 22. Rxe2 fxe2 23. Qxe2 Qxe6 24. Qxe6+ Bxe6 25. h3 Rxf2 26. Bxe7 (26. Bxh4 $142 Re2 27. Nc5) 26... Rf4 (26... Rf3 $19 27. Kg2 Rg3+ 28. Kh2 {[#]} h5 $1 {[%mdl 512]}) 27. Bc5 $2 {[#] White does not recover from this.} (27. Nc5 $17 Bf7 28. Bxh4) 27... h5 $1 {[%mdl 512]} 28. gxh5 Bxh3 29. Bxa7 Bg4 30. Rd2 Rf1+ 31. Kg2 Rf3 {...Bh6 is the strong threat.} 32. Bb8 Rxa3 33. Nc5 Bh6 34. Rb2 Bc1 35. Rb7 $2 (35. Rb3) 35... h3+ 36. Kh1 Ra2 $2 (36... Ra1 {( -> ...Bf4+)} 37. Kh2 Ra2+ 38. Kg3 Bc8) 37. Ra7 $2 (37. Rb3 $19) 37... Bf3+ {Black mates.} 38. Kg1 Be3+ 39. Kf1 Rxa7 {Weighted Error Value: White=0.89/Black=0.46} 0-1

[Event "VII Sunway Sitges Open 2020"]
[Site "Sitges"]
[Date "2020.12.17"]
[Round "5.23"]
[White "Gines Esteo, Pedro Antonio"]
[Black "Eden, James"]
[Result "1-0"]
[WhiteElo "2437"]
[BlackElo "2323"]
[Annotator "TA"]
[PlyCount "55"]
[EventDate "2020.12.13"]
[EventType "swiss"]
[EventCountry "ESP"]
[SourceTitle "playchess.com"]
[Source "ChessBase"]
[SourceQuality "1"]

{[%evp 13,55,27,36,33,44,36,46,36,43,18,12,0,232,224,223,215,380,376,422,452,435,443,450,432,367,444,485,471,470,459,478,306,479,478,516,506,605,576,594,609,648,635,618,552]} 1. d4 Nf6 2. c4 g6 3. Nc3 Bg7 4. e4 d6 5. Nf3 O-O 6. h3 e5 7. d5 Nh5 8. g3 {E90: King's Indian: Classical: Early deviations and 6 h3.} f5 9. exf5 gxf5 10. Nh4 {White is slightly better.} Nf4 11. gxf4 Qxh4 12. fxe5 {And now Rg1 would win.} Bxe5 $2 {[#]} (12... Nd7 $11 13. e6 Bxc3+ 14. bxc3 Qe4+ {[%mdl 64] Double Attack} 15. Be3 Qxh1) 13. Rg1+ $1 $18 Kh8 {[#]} 14. Bg5 $1 {[%cal Rg5h4] [#]} Re8 $146 (14... Qd4 15. Qxd4 Bxd4) ({Predecessor:} 14... Qd4 15. Qxd4 Bxd4 16. Nb5 Bb6 17. c5 dxc5 18. Bf4 Ba5+ 19. b4 Bxb4+ 20. Kd1 Re8 21. Nxc7 Re4 22. Bh6 Bc3 23. Rc1 Be5 24. Nxa8 b6 25. Rc4 {1-0 (25) Lalith,B (2580)-Pijpers,A (2474) Leiden 2019}) 15. Qe2 Bxc3+ 16. bxc3 Rxe2+ 17. Bxe2 Qxg5 18. Rxg5 Na6 19. Kd2 Nc5 {White must now prevent ...Ne4+.} 20. Bd3 Bd7 21. Re1 Rg8 22. Rxg8+ Kxg8 {[%mdl 4096] Endgame KRB-KBN} 23. Re7 {White is clearly winning.} a5 24. h4 c6 25. Bc2 cxd5 26. cxd5 b5 27. a3 h5 28. Ke3 {Black did not feel at home in the position after the opening.  Weighted Error Value: White=0.02/Black=0.50} 1-0